000
00291nam a22001337a 4500
008
181206b xxu||||| |||| 00| 0 eng d
020
_a
0910701954
041
_a
eng
080
_a
610
100
_a
4
101
_a
SHM
245
_a
Managed Care In Medicad
_c
Hurley.R.E
942
_2
udc
_c
BK
999
_c
52952
_d
52952